| 000 | 00664cam a22002531 4500 | ||
|---|---|---|---|
| 001 | sa 65000761 | ||
| 003 | DLC | ||
| 005 | 20260227112105.0 | ||
| 008 | 890825m19639999ii b 000 0 hino | ||
| 010 | _asa 65000761 | ||
| 035 | _a(OCoLC)20255326 | ||
| 040 |
_aDLC _cWaU _dDLC |
||
| 042 | _apremarc | ||
| 043 | _aa-ii--- | ||
| 050 | 0 | 0 |
_aPK2031 _b.U6 1963 |
| 100 | 1 |
_aUpadhyaya, Baldeva, _d1899-1999. |
|
| 245 | 1 | 0 | _aBhāratīya sāhityaśāstra. |
| 260 | _c1963- | ||
| 300 |
_av. _c23 cm. |
||
| 500 | _aIn Hindi. | ||
| 504 | _aBibliographical footnotes. | ||
| 650 | 0 |
_aHindi literature _xHistory and criticism. |
|
| 650 | 0 |
_aSanskrit language _xRhetoric. |
|
| 999 |
_c61726 _d61726 |
||